| 000 | 00672nam a2200253Ia 4500 | ||
|---|---|---|---|
| 003 | OSt | ||
| 005 | 20250728094044.0 | ||
| 008 | 210210b2016 xxu||||| |||| 00| 0 eng d | ||
| 020 | _a9788190821377 | ||
| 040 | _cAL | ||
| 041 | _aeng | ||
| 082 | _a581.9548 GAMF | ||
| 100 |
_aGamble J S _9220411 |
||
| 245 |
_aFlora of the presidency of Madras Vol I _bFlora : Ranunculaceae to aprifoliaceae |
||
| 260 |
_aDelhi _bNot Mentioned _c2016 |
||
| 300 | _alxiv,577 | ||
| 650 |
_aRanunculaceae _9220414 |
||
| 650 |
_apresidency _9220415 |
||
| 650 |
_aMadras _9220416 |
||
| 650 |
_aaprifoliaceae _9220419 |
||
| 690 |
_aBotany _9220420 |
||
| 906 | _a073228 | ||
| 942 |
_2ddc _cBK |
||
| 999 |
_c123083 _d123083 |
||